000 01033cam a2200301 i 4500
001 10601
003 Mx-PuUPA
005 20250703133448.0
008 140415s1997 njuad gr 000 0 eng d
020 _a0137195192
040 _aMx-PuUPA
_bspa
_cMx-PuUPA
_dMx-PuUPA
_erda
041 0 _aeng
100 1 _aEmery, Douglas R.,
_eautor
_917257
245 1 0 _aCorporate financial management /
_cDouglas R. Emery, John D. Finnerty
250 _aInternational edition
264 1 _aNew Jersey :
_bPrentice-Hall,
_c©1997
300 _axxii, 999 páginas :
_bilustraciones, gráficas ;
_c26 cm
336 _2rdacontent
_atexto
_btxt
337 _2rdamedia
_asin medio
_bn
338 _2rdacarrier
_avolumen
_bnc
650 7 _2armarc
_aCorporaciones
_xFinanzas
650 7 _2armarc
_aAdministración financiera
700 1 _aFinnerty, John D.,
_eautor
942 _2ddc
_cLI
_h658.15
_iE53
999 _c10601
_d10601